000 00888nas a2200301 4500
001 BR9206536
003 BR-BrBNA
005 20231205092932.0
007 ta
008 230509b bl.|||p| |||| 00| 00por d
040 _aBR-BrBNA
_bpor
_cBiblioteca Nacional de Agricultura
041 _a(Pt)
072 _aL53
100 1 _aFregonesi, J.A.
100 1 _aFonseca, J. da
100 1 _aRodrigues, L.H.
100 1 _aPinheiro, L.E.L.
100 1 _aLeite, F.G.
100 1 _aEsper, C.R.
245 1 _aAglutinacao espermatica induzida pelo soro sanguineo de reprodutores com alteracoes testiculares ou epididimarias
650 _aBOVINO
650 _aAGLUTINACAO
650 _aSEMEN
650 _aTESTICULO
773 0 _tARS Veterinaria (Brazil)
_xISSN 0102-6380
_g(Jun 1986), v. 2(1) p. 35-39
_wBR9206536
909 _a202311
_bLúcia
_c55
_dLúcia Elande
942 _2AGRIS
_n0
_cANA
999 _c135221
_d135221